| 000 | 00432nam a22001817a 4500 | ||
|---|---|---|---|
| 999 |
_c11530 _d11530 |
||
| 003 | OSt | ||
| 008 | 220910b ||||| |||| 00| 0 eng d | ||
| 020 | _a9788131807156 | ||
| 082 | _a624.151 APS | ||
| 100 | _aAPPARAO,KVS | ||
| 245 | _aSoil Testing Laboratory Manual and Question Bank | ||
| 250 | _aRep | ||
| 260 |
_aNew Delhi _bUniversity Press _c2011 |
||
| 300 | _a153 | ||
| 650 | _aCE | ||
| 700 | _aRAO,VCS | ||
| 942 |
_2ddc _cBK |
||